| 000 | 00359nam a2200133Ia 4500 | ||
|---|---|---|---|
| 008 | 230413s9999||||xx |||||||||||||| ||und|| | ||
| 020 | _a9781648996160 | ||
| 082 |
_a158.1 _bC4322 |
||
| 100 | _aChadha, Vikas | ||
| 245 | 0 | _aSecret of Success and a Happy Heart: Stories of Inspiration | |
| 260 |
_aChennai _bNotion Press _c2020 |
||
| 300 | _a299 p. | ||
| 942 | _cBK | ||
| 999 |
_c26272 _d26272 |
||